000 02696nam0a22004451 4500
001 RU\NLR\A1\559
005 20260409064832.0
035 _a(NLR Aleph) 009670724
090 _a9660055
_c9660055
100 _a19960613d1787 m y0rusy50 ca
101 0 _arus
102 _aRU
135 _acrmn mmmanaba
140 _ay y mayaa0000
200 1 _aСлово при третьем выпуске из Императорскаго Сухопутнаго, шляхетнаго, кадетскаго корпуса г[оспод] кадетов пятаго возроста, окончавших свое учение,
_fГоворенное в Корпусной церкви их в законе учителем Троицкаго Зеленецкаго монастыря архимандритом Антонием. Ноября 16 дня 1787 года.
210 _a[СПб.
_cТип. Сухопут. кадет. корпуса
_d1787]
215 _a[12] с.
_d
316 _aЭкз. РНБ (18.111.2.275) в бумаж. обл. На 1-й с. обл. ярлык с шифром РНБ. На 2-й с. обл. ярлык с шифром РНБ, наклеенный поверх другого ярлыка. На тит. л. рукоп. пометы и круглый штамп ИБ. На тит. л. и на с.[12] круглый штамп ГПБ
_5NLR: 18.111.2.275
321 1 _aСК XVIII 193
325 1 _aКопия доступна в электронной библиотеке РНБ
620 _dСанкт-Петербург
700 0 _4070
_7ca
_8rus
_aАнтоний
_cархимандрит
_f-1802
_9188196
_3RU\NLR\AUTH\770188247
712 0 2 _4610
_aСухопутный шляхетный кадетский корпус
_cПетербург
_bТипография
_3RU\NLR\AUTH\880627501
_92659869
801 0 _aRU
_bNLR
_c19960613
852 _aNLR
_j18.111.2.275
856 0 _uhttp://vivaldi.nlr.ru/bx000074379/view
856 1 _uhttp://vivaldi.nlr.ru/bx000074379/cover
856 2 _uhttp://vivaldi.nlr.ru/bx000074379/text
899 _aРГБ
899 _aБАН
899 _aГПИБ
901 _eКнижные издания
942 _cBOOK
980 _aNB
980 _aA1XVIIIv
981 2 2 _a(22) Материалы по истории России
_b(22) Религиозные конфессии
981 2 2 _a(22) Материалы по истории России
_b(22) История России до 25 октября (7 ноября) 1917 года
981 2 0 _a(20) Книжные памятники РНБ